Normal view
MARC view
- Cranton S. & Korab J
Entry Personal Name
001 - CONTROL NUMBER
- control field: 197246
003 - CONTROL NUMBER IDENTIFIER
- control field: OSt
005 - DATE AND TIME OF LATEST TRANSACTION
- control field: 20230714215154.0
008 - FIXED-LENGTH DATA ELEMENTS
- fixed length control field: 230714|| aca||aabn | a|a d
040 ## - CATALOGING SOURCE
- Original cataloging agency: OSt
- Transcribing agency: OSt
100 ## - HEADING--PERSONAL NAME
- Personal name: Cranton S. & Korab J
670 ## - SOURCE DATA FOUND
- Source citation: Work cat.: (OSt)214512: Cranton S. 197245, Apache Camel Developer's Cookbook, 2014